01214nam0a22002411 4500001001100000005001700011035002600028100004100054101001300095102000700108105001800115200022100133210015200354215005400506225008800560300017800648700003400826702002500860702003100885801001800916801002200934852001600956rc\286268320250529210802.0 a(NLR Aleph) 007016731 a20110711d1928 |||y0rusy50 ca1 aruscger aRU aa z |||||1 aБоевое применение танков и борьба с нимиeС 27 рис. и 89 черт. на 9 табл.fФ. ХейгльgПер. с нем. А. ТаубеgПод ред. С. Деревцова aМоскваaЛенинградcГос. изд-во. Отд. воен. лит.d1928e[Ленинград]gТип. "Печатный двор" a196 с.cил., черт., схем.d20х14 см1 aБиблиотека Иностранной Военной Литературы aНа обороте тит. л.: "Извлечение из книги "Taschenbuch der tancs. Von Ingenieur Fritz Heigl. München 1927. III. hauptteil: Moderne tanctaktik" 1aХейгльbФ.gФриц 1aТаубеbА.4730 1aДеревцовbС.4340 0aRUbNLRgpsbo 1aRUbELAR2rusmarc aNLRj46/504